Linear algebra and its applications

Saved in:
Bibliographic Details
Format: Serial
Language:English
Published: New York Elsevier 1973
Tags: Add Tag
No Tags, Be the first to tag this record!

MARC

LEADER 00000nas2a2200000 4500
001 0013849
005 20250730114322.3
022 |a 0024-3795 
041 0 |a eng 
044 |a US 
245 1 0 |a Linear algebra and its applications 
264 1 |a New York  |b Elsevier  |c 1973 
300 |a 1 zv. 
773 0 |w eu_un_cat*s123396